Các phương pháp sư phạm = Les méthodes en pédagogie
Guardat en:
| Autor principal: | |
|---|---|
| Format: | Llibre |
| Idioma: | Undetermined |
| Publicat: |
Hà Nội
Thế giới
2002
|
| Matèries: | |
| Etiquetes: |
Afegir etiqueta
Sense etiquetes, Sigues el primer a etiquetar aquest registre!
|
| Thư viện lưu trữ: | Trung tâm Học liệu Trường Đại học Cần Thơ |
|---|
| LEADER | 00602nam a2200217Ia 4500 | ||
|---|---|---|---|
| 001 | CTU_60543 | ||
| 008 | 210402s9999 xx 000 0 und d | ||
| 020 | |c 12000 | ||
| 082 | |a 370.71 | ||
| 082 | |b P171 | ||
| 100 | |a Palmade, Guy | ||
| 245 | 0 | |a Các phương pháp sư phạm = | |
| 245 | 0 | |b Les méthodes en pédagogie | |
| 245 | 0 | |c Guy Palmade; Song Kha biên dịch | |
| 260 | |a Hà Nội | ||
| 260 | |b Thế giới | ||
| 260 | |c 2002 | ||
| 650 | |a Education | ||
| 650 | |x Study and teaching | ||
| 904 | |i Minh,Hải | ||
| 980 | |a Trung tâm Học liệu Trường Đại học Cần Thơ | ||